Nástrojové oceli československé a zahraniční

Guardado en:
Detalles Bibliográficos
Autor principal: Průcha, Jiří
Otros Autores: Esterka, Bohumír
Formato: Libro
Lenguaje:checo
Publicado: Praha Státní nakladatelství technické literatury 1967
Etiquetas: Agregar Etiqueta
Sin Etiquetas, Sea el primero en etiquetar este registro!

MARC

LEADER 00000nam a2200000 4500
001 c122708
005 20221207070005.9
041 0 |a cze 
044 |a CZ 
245 1 0 |a Nástrojové oceli československé a zahraniční  |c Jiří Průcha, Bohumír Esterka 
264 1 |a Praha  |b Státní nakladatelství technické literatury  |c 1967 
300 |a 167 s. 
100 1 |a Průcha, Jiří 
700 1 |a Esterka, Bohumír